| 000 | 00626cam a2200193 4500 | ||
|---|---|---|---|
| 001 | D15093 | ||
| 008 | 090401t1979 xxu||||| |||| 00| 0 eng d | ||
| 035 | _a(Sirsi) u20212 | ||
| 041 | _aeng | ||
| 050 | _a333.3321 | ||
| 110 |
_aRoyal Institution of Chartered Surveyors _94900 |
||
| 245 | _aBalance sheet valuations- the background, General Practice Division seminar, held at the Royal Garden Hotel, London W.2, on Friday 2nd March, 1979 | ||
| 260 |
_bRICS _c1979 |
||
| 350 | _a0 | ||
| 520 | _aPapers and synopses ;Filed in Box 1979/7ABC | ||
| 710 |
_aGeneral Practice Division _9752 |
||
| 942 | _n0 | ||
| 948 | _c04/03/1997 | ||
| 999 |
_c87771 _d87771 |
||